Normal view
MARC view
- Farret, Felix A
Entry Personal Name
001 - CONTROL NUMBER
- control field: 96398
003 - CONTROL NUMBER IDENTIFIER
- control field: NUST
005 - DATE AND TIME OF LATEST TRANSACTION
- control field: 20220803115610.0
008 - FIXED-LENGTH DATA ELEMENTS
- fixed length control field: 220803|| aca||aabn | a|a d
040 ## - CATALOGING SOURCE
- Original cataloging agency: NUST
- Transcribing agency: NUST
100 ## - HEADING--PERSONAL NAME
- Personal name: Farret, Felix A
670 ## - SOURCE DATA FOUND
- Source citation: Work cat.: (NUST)175531: Simoes, M. Godoy. 96397, Renewable Energy Systems :, 2004.
